All Pokemon in Order (#0001-#1025) - Statistics

General Stats
  • This quiz has been taken 25 times
  • The average score is 623 of 1025
Answer Stats
Hint Answer % Correct
#0015 Beedrill
100%
#0009 Blastoise
100%
#0001 Bulbasaur
100%
#0012 Butterfree
100%
#0010 Caterpie
100%
#0006 Charizard
100%
#0004 Charmander
100%
#0005 Charmeleon
100%
#0002 Ivysaur
100%
#0014 Kakuna
100%
#0011 Metapod
100%
#0007 Squirtle
100%
#0003 Venusaur
100%
#0008 Wartortle
100%
#0013 Weedle
100%
#0024 Arbok
89%
#0059 Arcanine
89%
#0036 Clefable
89%
#0035 Clefairy
89%
#0023 Ekans
89%
#0022 Fearow
89%
#0044 Gloom
89%
#0042 Golbat
89%
#0055 Golduck
89%
#0058 Growlithe
89%
#0039 Jigglypuff
89%
#0056 Mankey
89%
#0052 Meowth
89%
#0034 Nidoking
89%
#0031 Nidoqueen
89%
#0029 Nidoran ♀
89%
#0032 Nidoran ♂
89%
#0030 Nidorina
89%
#0033 Nidorino
89%
#0038 Ninetales
89%
#0043 Oddish
89%
#0046 Paras
89%
#0047 Parasect
89%
#0053 Persian
89%
#0018 Pidgeot
89%
#0017 Pidgeotto
89%
#0016 Pidgey
89%
#0025 Pikachu
89%
#0060 Poliwag
89%
#0061 Poliwhirl
89%
#0062 Poliwrath
89%
#0057 Primeape
89%
#0054 Psyduck
89%
#0026 Raichu
89%
#0020 Raticate
89%
#0019 Rattata
89%
#0027 Sandshrew
89%
#0028 Sandslash
89%
#0021 Spearow
89%
#0049 Venomoth
89%
#0048 Venonat
89%
#0045 Vileplume
89%
#0037 Vulpix
89%
#0040 Wigglytuff
89%
#0041 Zubat
89%
#0063 Abra
78%
#0065 Alakazam
78%
#0069 Bellsprout
78%
#0050 Diglett
78%
#0085 Dodrio
78%
#0084 Doduo
78%
#0051 Dugtrio
78%
#0083 Farfetch'd
78%
#0074 Geodude
78%
#0076 Golem
78%
#0075 Graveler
78%
#0064 Kadabra
78%
#0068 Machamp
78%
#0067 Machoke
78%
#0066 Machop
78%
#0080 Slowbro
78%
#0079 Slowpoke
78%
#0071 Victreebel
78%
#0070 Weepinbell
78%
#0460 Abomasnow
67%
#0359 Absol
67%
#0617 Accelgor
67%
#0142 Aerodactyl
67%
#0306 Aggron
67%
#0190 Aipom
67%
#0594 Alomomola
67%
#0334 Altaria
67%
#0424 Ambipom
67%
#0591 Amoonguss
67%
#0181 Ampharos
67%
#0347 Anorith
67%
#0493 Arceus
67%
#0566 Archen
67%
#0567 Archeops
67%
#0168 Ariados
67%
#0348 Armaldo
67%
#0304 Aron
67%
#0144 Articuno
67%
#0531 Audino
67%
#0610 Axew
67%
#0482 Azelf
67%
#0184 Azumarill
67%
#0298 Azurill
67%
#0371 Bagon
67%
#0343 Baltoy
67%
#0354 Banette
67%
#0339 Barboach
67%
#0550 Basculin
67%
#0411 Bastiodon
67%
#0153 Bayleef
67%
#0614 Beartic
67%
#0267 Beautifly
67%
#0606 Beheeyem
67%
#0374 Beldum
67%
#0182 Bellossom
67%
#0400 Bibarel
67%
#0399 Bidoof
67%
#0625 Bisharp
67%
#0257 Blaziken
67%
#0242 Blissey
67%
#0522 Blitzle
67%
#0525 Boldore
67%
#0438 Bonsly
67%
#0626 Bouffalant
67%
#0628 Braviary
67%
#0286 Breloom
67%
#0437 Bronzong
67%
#0436 Bronzor
67%
#0406 Budew
67%
#0418 Buizel
67%
#0427 Buneary
67%
#0412 Burmy
67%
#0331 Cacnea
67%
#0332 Cacturne
67%
#0323 Camerupt
67%
#0455 Carnivine
67%
#0565 Carracosta
67%
#0318 Carvanha
67%
#0268 Cascoon
67%
#0351 Castform
67%
#0251 Celebi
67%
#0609 Chandelure
67%
#0113 Chansey
67%
#0441 Chatot
67%
#0421 Cherrim
67%
#0420 Cherubi
67%
#0650 Chespin
67%
#0152 Chikorita
67%
#0390 Chimchar
67%
#0358 Chimecho
67%
#0170 Chinchou
67%
#0433 Chingling
67%
#0573 Cinccino
67%
#0366 Clamperl
67%
#0344 Claydol
67%
#0173 Cleffa
67%
#0091 Cloyster
67%
#0638 Cobalion
67%
#0563 Cofagrigus
67%
#0415 Combee
67%
#0256 Combusken
67%
#0534 Conkeldurr
67%
#0341 Corphish
67%
#0222 Corsola
67%
#0546 Cottonee
67%
#0346 Cradily
67%
#0408 Cranidos
67%
#0342 Crawdaunt
67%
#0488 Cresselia
67%
#0453 Croagunk
67%
#0169 Crobat
67%
#0159 Croconaw
67%
#0558 Crustle
67%
#0615 Cryogonal
67%
#0613 Cubchoo
67%
#0104 Cubone
67%
#0155 Cyndaquil
67%
#0491 Darkrai
67%
#0555 Darmanitan
67%
#0554 Darumaka
67%
#0585 Deerling
67%
#0633 Deino
67%
#0301 Delcatty
67%
#0225 Delibird
67%
#0655 Delphox
67%
#0386 Deoxys
67%
#0087 Dewgong
67%
#0502 Dewott
67%
#0483 Dialga
67%
#0132 Ditto
67%
#0232 Donphan
67%
#0148 Dragonair
67%
#0149 Dragonite
67%
#0452 Drapion
67%
#0147 Dratini
67%
#0426 Drifblim
67%
#0425 Drifloon
67%
#0529 Drilbur
67%
#0096 Drowzee
67%
#0621 Druddigon
67%
#0580 Ducklett
67%
#0206 Dunsparce
67%
#0578 Duosion
67%
#0632 Durant
67%
#0356 Dusclops
67%
#0477 Dusknoir
67%
#0355 Duskull
67%
#0269 Dustox
67%
#0557 Dwebble
67%
#0603 Eelektrik
67%
#0604 Eelektross
67%
#0133 Eevee
67%
#0125 Electabuzz
67%
#0466 Electivire
67%
#0309 Electrike
67%
#0101 Electrode
67%
#0239 Elekid
67%
#0605 Elgyem
67%
#0500 Emboar
67%
#0587 Emolga
67%
#0395 Empoleon
67%
#0244 Entei
67%
#0589 Escavalier
67%
#0196 Espeon
67%
#0530 Excadrill
67%
#0102 Exeggcute
67%
#0103 Exeggutor
67%
#0295 Exploud
67%
#0349 Feebas
67%
#0653 Fennekin
67%
#0160 Feraligatr
67%
#0597 Ferroseed
67%
#0598 Ferrothorn
67%
#0456 Finneon
67%
#0180 Flaaffy
67%
#0136 Flareon
67%
#0419 Floatzel
67%
#0330 Flygon
67%
#0590 Foongus
67%
#0205 Forretress
67%
#0611 Fraxure
67%
#0592 Frillish
67%
#0656 Froakie
67%
#0478 Froslass
67%
#0162 Furret
67%
#0444 Gabite
67%
#0475 Gallade
67%
#0596 Galvantula
67%
#0569 Garbodor
67%
#0445 Garchomp
67%
#0282 Gardevoir
67%
#0092 Gastly
67%
#0423 Gastrodon
67%
#0649 Genesect
67%
#0094 Gengar
67%
#0443 Gible
67%
#0526 Gigalith
67%
#0203 Girafarig
67%
#0487 Giratina
67%
#0471 Glaceon
67%
#0362 Glalie
67%
#0431 Glameow
67%
#0207 Gligar
67%
#0472 Gliscor
67%
#0118 Goldeen
67%
#0622 Golett
67%
#0623 Golurk
67%
#0368 Gorebyss
67%
#0574 Gothita
67%
#0576 Gothitelle
67%
#0575 Gothorita
67%
#0210 Granbull
67%
#0658 Greninja
67%
#0088 Grimer
67%
#0388 Grotle
67%
#0383 Groudon
67%
#0253 Grovyle
67%
#0326 Grumpig
67%
#0316 Gulpin
67%
#0533 Gurdurr
67%
#0130 Gyarados
67%
#0440 Happiny
67%
#0297 Hariyama
67%
#0093 Haunter
67%
#0612 Haxorus
67%
#0631 Heatmor
67%
#0485 Heatran
67%
#0214 Heracross
67%
#0507 Herdier
67%
#0449 Hippopotas
67%
#0450 Hippowdon
67%
#0107 Hitmonchan
67%
#0106 Hitmonlee
67%
#0237 Hitmontop
67%
#0430 Honchkrow
67%
#0250 Ho-oh
67%
#0163 Hoothoot
67%
#0187 Hoppip
67%
#0116 Horsea
67%
#0229 Houndoom
67%
#0228 Houndour
67%
#0367 Huntail
67%
#0635 Hydreigon
67%
#0097 Hypno
67%
#0174 Igglybuff
67%
#0314 Illumise
67%
#0392 Infernape
67%
#0593 Jellicent
67%
#0385 Jirachi
67%
#0135 Jolteon
67%
#0595 Joltik
67%
#0189 Jumpluff
67%
#0124 Jynx
67%
#0140 Kabuto
67%
#0141 Kabutops
67%
#0115 Kangaskhan
67%
#0588 Karrablast
67%
#0352 Kecleon
67%
#0647 Keldeo
67%
#0230 Kingdra
67%
#0099 Kingler
67%
#0281 Kirlia
67%
#0600 Klang
67%
#0599 Klink
67%
#0601 Klinklang
67%
#0109 Koffing
67%
#0098 Krabby
67%
#0401 Kricketot
67%
#0402 Kricketune
67%
#0552 Krokorok
67%
#0553 Krookodile
67%
#0382 Kyogre
67%
#0646 Kyurem
67%
#0305 Lairon
67%
#0608 Lampent
67%
#0645 Landorus
67%
#0171 Lanturn
67%
#0131 Lapras
67%
#0636 Larvesta
67%
#0246 Larvitar
67%
#0380 Latias
67%
#0381 Latios
67%
#0470 Leafeon
67%
#0542 Leavanny
67%
#0166 Ledian
67%
#0165 Ledyba
67%
#0463 Lickilicky
67%
#0108 Lickitung
67%
#0510 Liepard
67%
#0345 Lileep
67%
#0549 Lilligant
67%
#0506 Lillipup
67%
#0264 Linoone
67%
#0607 Litwick
67%
#0271 Lombre
67%
#0428 Lopunny
67%
#0270 Lotad
67%
#0294 Loudred
67%
#0448 Lucario
67%
#0272 Ludicolo
67%
#0249 Lugia
67%
#0457 Lumineon
67%
#0337 Lunatone
67%
#0370 Luvdisc
67%
#0404 Luxio
67%
#0405 Luxray
67%
#0240 Magby
67%
#0219 Magcargo
67%
#0129 Magikarp
67%
#0126 Magmar
67%
#0467 Magmortar
67%
#0081 Magnemite
67%
#0082 Magneton
67%
#0462 Magnezone
67%
#0296 Makuhita
67%
#0473 Mamoswine
67%
#0490 Manaphy
67%
#0630 Mandibuzz
67%
#0310 Manectric
67%
#0226 Mantine
67%
#0458 Mantyke
67%
#0556 Maractus
67%
#0179 Mareep
67%
#0183 Marill
67%
#0105 Marowak
67%
#0259 Marshtomp
67%
#0284 Masquerain
67%
#0303 Mawile
67%
#0308 Medicham
67%
#0307 Meditite
67%
#0154 Meganium
67%
#0648 Meloetta
67%
#0481 Mesprit
67%
#0376 Metagross
67%
#0375 Metang
67%
#0151 Mew
67%
#0150 Mewtwo
67%
#0619 Mienfoo
67%
#0620 Mienshao
67%
#0262 Mightyena
67%
#0350 Milotic
67%
#0241 Miltank
67%
#0439 Mime Jr.
67%
#0572 Minccino
67%
#0312 Minun
67%
#0200 Misdreavus
67%
#0429 Mismagius
67%
#0146 Moltres
67%
#0391 Monferno
67%
#0414 Mothim
67%
#0122 Mr. Mime
67%
#0258 Mudkip
67%
#0089 Muk
67%
#0446 Munchlax
67%
#0517 Munna
67%
#0198 Murkrow
67%
#0518 Musharna
67%
#0177 Natu
67%
#0290 Nincada
67%
#0291 Ninjask
67%
#0164 Noctowl
67%
#0299 Nosepass
67%
#0322 Numel
67%
#0274 Nuzleaf
67%
#0224 Octillery
67%
#0138 Omanyte
67%
#0139 Omastar
67%
#0095 Onix
67%
#0501 Oshawott
67%
#0417 Pachirisu
67%
#0484 Palkia
67%
#0536 Palpitoad
67%
#0515 Panpour
67%
#0511 Pansage
67%
#0513 Pansear
67%
#0504 Patrat
67%
#0624 Pawniard
67%
#0279 Pelipper
67%
#0548 Petilil
67%
#0231 Phanpy
67%
#0489 Phione
67%
#0172 Pichu
67%
#0519 Pidove
67%
#0499 Pignite
67%
#0221 Piloswine
67%
#0204 Pineco
67%
#0127 Pinsir
67%
#0393 Piplup
67%
#0311 Plusle
67%
#0186 Politoed
67%
#0077 Ponyta
67%
#0261 Poochyena
67%
#0137 Porygon
67%
#0233 Porygon2
67%
#0474 Porygon-Z
67%
#0394 Prinplup
67%
#0476 Probopass
67%
#0247 Pupitar
67%
#0509 Purrloin
67%
#0432 Purugly
67%
#0195 Quagsire
67%
#0156 Quilava
67%
#0211 Qwilfish
67%
#0243 Raikou
67%
#0280 Ralts
67%
#0409 Rampardos
67%
#0078 Rapidash
67%
#0384 Rayquaza
67%
#0378 Regice
67%
#0486 Regigigas
67%
#0377 Regirock
67%
#0379 Registeel
67%
#0369 Relicanth
67%
#0223 Remoraid
67%
#0643 Reshiram
67%
#0579 Reuniclus
67%
#0112 Rhydon
67%
#0111 Rhyhorn
67%
#0464 Rhyperior
67%
#0447 Riolu
67%
#0524 Roggenrola
67%
#0315 Roselia
67%
#0407 Roserade
67%
#0479 Rotom
67%
#0627 Rufflet
67%
#0302 Sableye
67%
#0373 Salamence
67%
#0503 Samurott
67%
#0551 Sandile
67%
#0539 Sawk
67%
#0586 Sawsbuck
67%
#0254 Sceptile
67%
#0212 Scizor
67%
#0545 Scolipede
67%
#0560 Scrafty
67%
#0559 Scraggy
67%
#0123 Scyther
67%
#0117 Seadra
67%
#0119 Seaking
67%
#0364 Sealeo
67%
#0273 Seedot
67%
#0086 Seel
67%
#0537 Seismitoad
67%
#0161 Sentret
67%
#0497 Serperior
67%
#0496 Servine
67%
#0336 Seviper
67%
#0540 Sewaddle
67%
#0319 Sharpedo
67%
#0492 Shaymin
67%
#0292 Shedinja
67%
#0372 Shelgon
67%
#0090 Shellder
67%
#0422 Shellos
67%
#0616 Shelmet
67%
#0410 Shieldon
67%
#0275 Shiftry
67%
#0403 Shinx
67%
#0285 Shroomish
67%
#0213 Shuckle
67%
#0353 Shuppet
67%
#0561 Sigilyph
67%
#0266 Silcoon
67%
#0516 Simipour
67%
#0512 Simisage
67%
#0514 Simisear
67%
#0227 Skarmory
67%
#0188 Skiploom
67%
#0300 Skitty
67%
#0451 Skorupi
67%
#0435 Skuntank
67%
#0289 Slaking
67%
#0287 Slakoth
67%
#0199 Slowking
67%
#0218 Slugma
67%
#0235 Smeargle
67%
#0238 Smoochum
67%
#0215 Sneasel
67%
#0495 Snivy
67%
#0143 Snorlax
67%
#0361 Snorunt
67%
#0459 Snover
67%
#0209 Snubbull
67%
#0577 Solosis
67%
#0338 Solrock
67%
#0363 Spheal
67%
#0167 Spinarak
67%
#0327 Spinda
67%
#0442 Spiritomb
67%
#0325 Spoink
67%
#0234 Stantler
67%
#0398 Staraptor
67%
#0397 Staravia
67%
#0396 Starly
67%
#0121 Starmie
67%
#0120 Staryu
67%
#0208 Steelix
67%
#0508 Stoutland
67%
#0618 Stunfisk
67%
#0434 Stunky
67%
#0185 Sudowoodo
67%
#0245 Suicune
67%
#0192 Sunflora
67%
#0191 Sunkern
67%
#0283 Surskit
67%
#0333 Swablu
67%
#0541 Swadloon
67%
#0317 Swalot
67%
#0260 Swampert
67%
#0581 Swanna
67%
#0277 Swellow
67%
#0220 Swinub
67%
#0528 Swoobat
67%
#0276 Taillow
67%
#0114 Tangela
67%
#0465 Tangrowth
67%
#0128 Tauros
67%
#0216 Teddiursa
67%
#0072 Tentacool
67%
#0073 Tentacruel
67%
#0498 Tepig
67%
#0639 Terrakion
67%
#0538 Throh
67%
#0642 Thundurus
67%
#0532 Timburr
67%
#0564 Tirtouga
67%
#0468 Togekiss
67%
#0175 Togepi
67%
#0176 Togetic
67%
#0255 Torchic
67%
#0324 Torkoal
67%
#0641 Tornadus
67%
#0389 Torterra
67%
#0158 Totodile
67%
#0454 Toxicroak
67%
#0520 Tranquill
67%
#0328 Trapinch
67%
#0252 Treecko
67%
#0357 Tropius
67%
#0568 Trubbish
67%
#0387 Turtwig
67%
#0535 Tympole
67%
#0602 Tynamo
67%
#0157 Typhlosion
67%
#0248 Tyranitar
67%
#0236 Tyrogue
67%
#0197 Umbreon
67%
#0521 Unfezant
67%
#0201 Unown
67%
#0217 Ursaring
67%
#0480 Uxie
67%
#0583 Vanillish
67%
#0582 Vanillite
67%
#0584 Vanilluxe
67%
#0134 Vaporeon
67%
#0543 Venipede
67%
#0416 Vespiquen
67%
#0329 Vibrava
67%
#0494 Victini
67%
#0288 Vigoroth
67%
#0640 Virizion
67%
#0313 Volbeat
67%
#0637 Volcarona
67%
#0100 Voltorb
67%
#0629 Vullaby
67%
#0320 Wailmer
67%
#0321 Wailord
67%
#0365 Walrein
67%
#0505 Watchog
67%
#0461 Weavile
67%
#0110 Weezing
67%
#0547 Whimsicott
67%
#0544 Whirlipede
67%
#0340 Whiscash
67%
#0293 Whismur
67%
#0278 Wingull
67%
#0202 Wobbuffet
67%
#0527 Woobat
67%
#0194 Wooper
67%
#0413 Wormadam
67%
#0265 Wurmple
67%
#0360 Wynaut
67%
#0178 Xatu
67%
#0562 Yamask
67%
#0193 Yanma
67%
#0469 Yanmega
67%
#0335 Zangoose
67%
#0145 Zapdos
67%
#0523 Zebstrika
67%
#0644 Zekrom
67%
#0263 Zigzagoon
67%
#0571 Zoroark
67%
#0570 Zorua
67%
#0634 Zweilous
67%
#0681 Aegislash
56%
#0698 Amaura
56%
#0683 Aromatisse
56%
#0699 Aurorus
56%
#0713 Avalugg
56%
#0689 Barbaracle
56%
#0712 Bergmite
56%
#0760 Bewear
56%
#0688 Binacle
56%
#0806 Blacephalon
56%
#0761 Bounsweet
56%
#0654 Braixen
56%
#0729 Brionne
56%
#0779 Bruxish
56%
#0659 Bunnelby
56%
#0794 Buzzwole
56%
#0703 Carbink
56%
#0797 Celesteela
56%
#0737 Charjabug
56%
#0652 Chesnaught
56%
#0692 Clauncher
56%
#0693 Clawitzer
56%
#0764 Comfey
56%
#0790 Cosmoem
56%
#0789 Cosmog
56%
#0723 Dartrix
56%
#0724 Decidueye
56%
#0702 Dedenne
56%
#0781 Dhelmise
56%
#0719 Diancie
56%
#0660 Diggersby
56%
#0680 Doublade
56%
#0691 Dragalge
56%
#0780 Drampa
56%
#0677 Espurr
56%
#0662 Fletchinder
56%
#0661 Fletchling
56%
#0657 Frogadier
56%
#0676 Furfrou
56%
#0673 Gogoat
56%
#0768 Golisopod
56%
#0706 Goodra
56%
#0704 Goomy
56%
#0711 Gourgeist
56%
#0736 Grubbin
56%
#0735 Gumshoos
56%
#0799 Guzzlord
56%
#0701 Hawlucha
56%
#0695 Heliolisk
56%
#0694 Helioptile
56%
#0679 Honedge
56%
#0720 Hoopa
56%
#0727 Incineroar
56%
#0686 Inkay
56%
#0798 Kartana
56%
#0707 Klefki
56%
#0775 Komala
56%
#0667 Litleo
56%
#0725 Litten
56%
#0792 Lunala
56%
#0745 Lycanroc
56%
#0801 Magearna
56%
#0687 Malamar
56%
#0747 Mareanie
56%
#0802 Marshadow
56%
#0809 Melmetal
56%
#0808 Meltan
56%
#0678 Meowstic
56%
#0778 Mimikyu
56%
#0774 Minior
56%
#0804 Naganadel
56%
#0800 Necrozma
56%
#0793 Nihilego
56%
#0714 Noibat
56%
#0715 Noivern
56%
#0765 Oranguru
56%
#0770 Palossand
56%
#0674 Pancham
56%
#0675 Pangoro
56%
#0766 Passimian
56%
#0708 Phantump
56%
#0795 Pheromosa
56%
#0731 Pikipek
56%
#0803 Poipole
56%
#0728 Popplio
56%
#0730 Primarina
56%
#0710 Pumpkaboo
56%
#0668 Pyroar
56%
#0771 Pyukumuku
56%
#0651 Quilladin
56%
#0744 Rockruff
56%
#0722 Rowlet
56%
#0757 Salandit
56%
#0758 Salazzle
56%
#0769 Sandygast
56%
#0664 Scatterbug
56%
#0813 Scorbunny
56%
#0773 Silvally
56%
#0672 Skiddo
56%
#0690 Skrelp
56%
#0705 Sliggoo
56%
#0685 Slurpuff
56%
#0791 Solgaleo
56%
#0665 Spewpa
56%
#0682 Spritzee
56%
#0805 Stakataka
56%
#0762 Steenee
56%
#0759 Stufful
56%
#0684 Swirlix
56%
#0700 Sylveon
56%
#0663 Talonflame
56%
#0777 Togedemaru
56%
#0726 Torracat
56%
#0733 Toucannon
56%
#0748 Toxapex
56%
#0709 Trevenant
56%
#0732 Trumbeak
56%
#0763 Tsareena
56%
#0776 Turtonator
56%
#0772 Type: Null
56%
#0697 Tyrantrum
56%
#0696 Tyrunt
56%
#0738 Vikavolt
56%
#0666 Vivillon
56%
#0721 Volcanion
56%
#0767 Wimpod
56%
#0746 Wishiwashi
56%
#0716 Xerneas
56%
#0796 Xurkitree
56%
#0734 Yungoos
56%
#0717 Yveltal
56%
#0807 Zeraora
56%
#0718 Zygarde
56%
#0979 Annihilape
44%
#0752 Araquanid
44%
#0930 Arboliva
44%
#1018 Archaludon
44%
#0997 Arctibax
44%
#0936 Armarouge
44%
#0998 Baxcalibur
44%
#0939 Bellibolt
44%
#0962 Bombirdier
44%
#0947 Brambleghast
44%
#0946 Bramblin
44%
#0986 Brute Bonnet
44%
#0951 Capsakid
44%
#0937 Ceruledge
44%
#0975 Cetitan
44%
#0974 Cetoddle
44%
#0935 Charcadet
44%
#1002 Chien-Pao
44%
#1004 Chi-Yu
44%
#0815 Cinderace
44%
#0980 Clodsire
44%
#0740 Crabominable
44%
#0739 Crabrawler
44%
#0910 Crocalor
44%
#0742 Cutiefly
44%
#0967 Cyclizar
44%
#0927 Dachsbun
44%
#0751 Dewpider
44%
#1011 Dipplin
44%
#0929 Dolliv
44%
#0977 Dondozo
44%
#0817 Drizzile
44%
#0982 Dudunsparce
44%
#0956 Espathra
44%
#0981 Farigiraf
44%
#1016 Fezandipiti
44%
#0926 Fidough
44%
#0963 Finizen
44%
#0669 Flabébé
44%
#0973 Flamigo
44%
#0955 Flittle
44%
#0670 Floette
44%
#0907 Floragato
44%
#0671 Florges
44%
#0987 Flutter Mane
44%
#0753 Fomantis
44%
#0996 Frigibax
44%
#0909 Fuecoco
44%
#0934 Garganacl
44%
#1000 Gholdengo
44%
#0999 Gimmighoul
44%
#0969 Glimmet
44%
#0970 Glimmora
44%
#1020 Gouging Fire
44%
#0945 Grafaiai
44%
#0984 Great Tusk
44%
#0971 Greavard
44%
#0820 Greedent
44%
#0810 Grookey
44%
#0783 Hakamo-o
44%
#0972 Houndstone
44%
#1019 Hydrapple
44%
#0818 Inteleon
44%
#1022 Iron Boulder
44%
#0991 Iron Bundle
44%
#1023 Iron Crown
44%
#0992 Iron Hands
44%
#0993 Iron Jugulis
44%
#1010 Iron Leaves
44%
#0994 Iron Moth
44%
#0995 Iron Thorns
44%
#0990 Iron Treads
44%
#1006 Iron Valiant
44%
#0782 Jangmo-o
44%
#0941 Kilowattrel
44%
#0983 Kingambit
44%
#0950 Klawf
44%
#0784 Kommo-o
44%
#1007 Koraidon
44%
#0915 Lechonk
44%
#0920 Lokix
44%
#0754 Lurantis
44%
#0943 Mabosstiff
44%
#0942 Maschiff
44%
#0925 Maushold
44%
#0908 Meowscarada
44%
#1008 Miraidon
44%
#0755 Morelull
44%
#0749 Mudbray
44%
#0750 Mudsdale
44%
#1015 Munkidori
44%
#0932 Nacli
44%
#0933 Naclstack
44%
#0919 Nymble
44%
#1017 Ogerpon
44%
#0916 Oinkologne
44%
#1014 Okidogi
44%
#0741 Oricorio
44%
#0968 Orthworm
44%
#0964 Palafin
44%
#0921 Pawmi
44%
#0922 Pawmo
44%
#0923 Pawmot
44%
#1025 Pecharunt
44%
#1012 Poltchageist
44%
#0914 Quaquaval
44%
#0912 Quaxly
44%
#0913 Quaxwell
44%
#0814 Raboot
44%
#0954 Rabsca
44%
#1021 Raging Bolt
44%
#0953 Rellor
44%
#0966 Revavroom
44%
#0743 Ribombee
44%
#0812 Rillaboom
44%
#1005 Roaring Moon
44%
#0989 Sandy Shocks
44%
#0952 Scovillain
44%
#0985 Scream Tail
44%
#0756 Shiinotic
44%
#0944 Shroodle
44%
#1013 Sinistcha
44%
#0911 Skeledirge
44%
#0819 Skwovet
44%
#0988 Slither Wing
44%
#0928 Smoliv
44%
#0816 Sobble
44%
#0918 Spidops
44%
#0906 Sprigatito
44%
#0931 Squawkabilly
44%
#0938 Tadbulb
44%
#0924 Tandemaus
44%
#0787 Tapu Bulu
44%
#0788 Tapu Fini
44%
#0785 Tapu Koko
44%
#0786 Tapu Lele
44%
#0917 Tarountula
44%
#0978 Tatsugiri
44%
#1024 Terapagos
44%
#0811 Thwackey
44%
#1003 Ting-Lu
44%
#0957 Tinkatink
44%
#0959 Tinkaton
44%
#0958 Tinkatuff
44%
#0948 Toedscool
44%
#0949 Toedscruel
44%
#0965 Varoom
44%
#0976 Veluza
44%
#1009 Walking Wake
44%
#0940 Wattrel
44%
#0960 Wiglett
44%
#1001 Wo-Chien
44%
#0961 Wugtrio
44%
#0869 Alcremie
33%
#0842 Appletun
33%
#0840 Applin
33%
#0883 Arctovish
33%
#0881 Arctozolt
33%
#0846 Arrokuda
33%
#0847 Barraskewda
33%
#0902 Basculegion
33%
#0824 Blipbug
33%
#0836 Boltund
33%
#0898 Calyrex
33%
#0838 Carkol
33%
#0851 Centiskorch
33%
#0833 Chewtle
33%
#0852 Clobbopus
33%
#0839 Coalossal
33%
#0879 Copperajah
33%
#0823 Corviknight
33%
#0822 Corvisquire
33%
#0845 Cramorant
33%
#0878 Cufant
33%
#0864 Cursola
33%
#0825 Dottler
33%
#0882 Dracovish
33%
#0880 Dracozolt
33%
#0887 Dragapult
33%
#0886 Drakloak
33%
#0834 Drednaw
33%
#0885 Dreepy
33%
#0832 Dubwool
33%
#0884 Duraludon
33%
#0875 Eiscue
33%
#0830 Eldegoss
33%
#0905 Enamorus
33%
#0890 Eternatus
33%
#0870 Falinks
33%
#0841 Flapple
33%
#0873 Frosmoth
33%
#0896 Glastrier
33%
#0829 Gossifluer
33%
#0853 Grapploct
33%
#0861 Grimmsnarl
33%
#0856 Hatenna
33%
#0858 Hatterene
33%
#0857 Hattrem
33%
#0859 Impidimp
33%
#0876 Indeedee
33%
#0900 Kleavor
33%
#0891 Kubfu
33%
#0868 Milcery
33%
#0860 Morgrem
33%
#0877 Morpeko
33%
#0866 Mr. Rime
33%
#0827 Nickit
33%
#0862 Obstagoon
33%
#0826 Orbeetle
33%
#0904 Overqwil
33%
#0863 Perrserker
33%
#0871 Pincurchin
33%
#0855 Polteageist
33%
#0895 Regidrago
33%
#0894 Regieleki
33%
#0837 Rolycoly
33%
#0821 Rookidee
33%
#0867 Runerigus
33%
#0844 Sandaconda
33%
#0843 Silicobra
33%
#0854 Sinistea
33%
#0865 Sirfetch'd
33%
#0850 Sizzlipede
33%
#0903 Sneasler
33%
#0872 Snom
33%
#0897 Spectrier
33%
#0874 Stonjourner
33%
#0828 Thievul
33%
#0848 Toxel
33%
#0849 Toxtricity
33%
#0901 Ursaluna
33%
#0892 Urshifu
33%
#0831 Wooloo
33%
#0899 Wyrdeer
33%
#0835 Yamper
33%
#0888 Zacian
33%
#0889 Zamazenta
33%
#0893 Zarude
33%
No matching quizzes found
Score Distribution
Percent of People with Each Score
Percentile by Number Answered
Your Score History
You have not taken this quiz